[Event "Reykjavik op"]
[Site "Reykjavik"]
[Date "2025.04.11"]
[Round "4"]
[White "Lohr, Matthias"]
[Black "Muetsch, Annmarie"]
[Result "1-0"]
[WhiteElo "2092"]
[BlackElo "2329"]
[PlyCount "87"]
[EventDate "2025.04.09"]
[EventType "swiss"]
[EventRounds "9"]
[EventCountry "ISL"]
[SourceTitle "CB17_2025"]
[SourceDate "2025.04.23"]
[SourceVersion "1"]
[SourceVersionDate "2025.04.23"]
[SourceQuality "1"]

1. e4 c6 2. d4 d5 3. e5 c5 4. dxc5 e6 5. Nf3 Bxc5 6. Bd3 Nc6 7. a3 Be7 8. b4 a6 9. Bb2 Nh6 10. Nbd2 b5 11. Qe2 f5 12. Nd4 Bd7 13. Qh5+ Nf7 14. Nxc6 Bxc6 15. Nb3 g6 16. Qe2 0-0 17. f4 Bd7 18. Bd4 Re8 19. 0-0 Bf8 20. Kh1 Bc6 21. Nc5 Qh4 22. c3 g5 23. g3 Qh3 24. Rg1 Nh6 25. Raf1 Bxc5 26. bxc5 Ng4 27. fxg5 Ra7 28. Qg2 Qh5 29. Be2 Rg7 30. Bxg4 fxg4 31. Rf4 Rxg5 32. Rgf1 Qg6 33. Qf2 Rf5 34. Rxf5 Qxf5 35. Qxf5 exf5 36. Rxf5 Re6 37. Rg5+ Rg6 38. Rf5 Bd7 39. Rf6 a5 40. Kg2 a4 41. Kf2 Kg7 42. Ke3 Rh6 43. e6 Be8 44. Rxh6+ 1-0

[Event "Baden ch-U18"]
[Site "Karlsruhe"]
[Date "2006.01.02"]
[Round "1.2"]
[White "Lohr, Matthias"]
[Black "Braun, Joachim"]
[Result "1/2-1/2"]
[WhiteElo "1603"]
[BlackElo "1903"]
[PlyCount "61"]
[EventDate "2006.01.02"]
[EventType "swiss"]
[EventRounds "7"]
[EventCountry "GER"]
[SourceTitle "EXT 2007"]
[Source "ChessBase"]
[SourceDate "2006.11.23"]
[SourceVersion "1"]
[SourceVersionDate "2006.11.23"]
[SourceQuality "1"]

1. f4 e5 2. fxe5 d6 3. exd6 Bxd6 4. Nf3 g5 5. d4 g4 6. Ne5 Qe7 7. e3 h5 8. Nc3 Bxe5 9. dxe5 Qxe5 10. Qd4 Nc6 11. Bb5 Qxd4 12. exd4 Bd7 13. Be3 0-0-0 14. 0-0-0 Nge7 15. Rhf1 Nf5 16. Bg5 Rdg8 17. Bxc6 bxc6 18. Bf4 Re8 19. d5 Rhf8 20. d6 Ne3 21. Bxe3 Rxe3 22. dxc7 Kxc7 23. Rde1 Rxe1+ 24. Rxe1 Re8 25. Rxe8 Bxe8 26. Kd2 Kd6 27. Ke3 Ke5 28. Ne2 f6 29. g3 Bf7 30. Nd4 Be8 31. a3 1/2-1/2

[Event "GER-chT U20"]
[Site "Berlin"]
[Date "2005.12.28"]
[Round "4.2"]
[White "Fruebing, Stefan"]
[Black "Lohr, Matthias"]
[Result "1/2-1/2"]
[WhiteElo "2233"]
[BlackElo "2146"]
[PlyCount "85"]
[EventDate "2005.12.27"]
[EventType "team-swiss"]
[EventRounds "7"]
[EventCountry "GER"]
[SourceTitle "EXT 2022"]
[Source "ChessBase"]
[SourceDate "2021.10.06"]
[SourceVersion "1"]
[SourceVersionDate "2021.10.06"]
[SourceQuality "1"]
[WhiteTeam "Ruedersdorf Glueckauf U20"]
[BlackTeam "Mainz Schott U20"]
[WhiteTeamCountry "GER"]
[BlackTeamCountry "GER"]

1. e4 c5 2. Nf3 d6 3. d4 cxd4 4. Nxd4 Nf6 5. Nc3 Nc6 6. f4 e6 7. Be2 Be7 8. Be3 Bd7 9. 0-0 0-0 10. Kh1 Nxd4 11. Qxd4 Bc6 12. Bf3 Qc7 13. a4 a6 14. a5 Rac8 15. Rfd1 Rfd8 16. Qd2 Rd7 17. Qf2 Qd8 18. Re1 d5 19. Bb6 Qf8 20. e5 Ne8 21. Rad1 g6 22. Be3 Bb4 23. Bb6 Ng7 24. g4 Bb5 25. f5 Bxc3 26. bxc3 Rxc3 27. f6 Ne8 28. Bd4 Rc4 29. c3 Rdc7 30. Qd2 Qa3 31. Ra1 Rxd4 32. Qxd4 Qxc3 33. Qxc3 Rxc3 34. Kg2 Bc6 35. Rec1 Re3 36. Re1 Rb3 37. Rab1 Ra3 38. Ra1 Rd3 39. Kf2 Nc7 40. Red1 Rb3 41. Rab1 Ra3 42. Ra1 Rb3 43. Rab1 1/2-1/2

[Event "GER-ch U18"]
[Site "Willingen"]
[Date "2004.06.03"]
[Round "8"]
[White "Lohr, Matthias"]
[Black "Peters, Stefan"]
[Result "1-0"]
[WhiteElo "2182"]
[BlackElo "1892"]
[PlyCount "43"]
[EventDate "2004.06.??"]
[EventType "swiss"]
[EventRounds "9"]
[EventCountry "GER"]
[SourceTitle "EXT 2005"]
[Source "ChessBase"]
[SourceDate "2004.11.15"]
[SourceVersion "1"]
[SourceVersionDate "2004.11.15"]
[SourceQuality "1"]

1. d4 d5 2. Nf3 Nf6 3. Bf4 e6 4. e3 Be7 5. Bd3 0-0 6. Nbd2 b6 7. Ne5 Bb7 8. Qf3 c5 9. c3 Nfd7 10. Qh3 g6 11. Ndf3 Nxe5 12. Nxe5 Nd7 13. Nf3 Bf6 14. 0-0 Re8 15. Qg3 Bg7 16. Rad1 Nf6 17. Qh3 c4 18. Bc2 b5 19. Bg5 Qb6 20. Ne5 Qd6 21. Qf3 Ne4 22. Qxf7+ 1-0

[Event "Baden-ch U16"]
[Site "Eppingen"]
[Date "2004.??.??"]
[Round "1"]
[White "Mader, Michael"]
[Black "Lohr, Matthias"]
[Result "1-0"]
[WhiteElo "2060"]
[BlackElo "2182"]
[PlyCount "63"]
[EventDate "2004.01.??"]
[EventType "swiss"]
[EventRounds "7"]
[EventCountry "GER"]
[SourceTitle "EXT 2005"]
[Source "ChessBase"]
[SourceDate "2004.11.15"]
[SourceVersion "1"]
[SourceVersionDate "2004.11.15"]
[SourceQuality "1"]

1. e4 e5 2. Nf3 Nc6 3. Bc4 Bc5 4. b4 Bxb4 5. c3 Be7 6. 0-0 Nf6 7. d4 exd4 8. e5 Ng4 9. cxd4 d6 10. h3 Nh6 11. Re1 d5 12. Bxh6 gxh6 13. Bb3 Be6 14. a3 Rg8 15. Kh1 Qd7 16. Kh2 Rg7 17. Nc3 a6 18. Qd2 Bg5 19. Nxg5 hxg5 20. Na4 b6 21. Rac1 Na5 22. Bc2 Nc4 23. Qd3 Nxa3 24. Qxa3 Rc8 25. Nb2 a5 26. Qe3 g4 27. Rg1 h5 28. h4 Ke7 29. Qa3+ Ke8 30. g3 c6 31. Nd3 Qa7 32. Nf4 1-0

[Event "Baden-ch U16"]
[Site "Bad Mergentheim"]
[Date "2003.01.04"]
[Round "4"]
[White "Lohr, Matthias"]
[Black "Alperowitz, Simon"]
[Result "0-1"]
[WhiteElo "1254"]
[BlackElo "1387"]
[PlyCount "90"]
[EventDate "2003.01.??"]
[EventType "swiss"]
[EventRounds "7"]
[EventCountry "GER"]
[SourceTitle "EXT 2005"]
[Source "ChessBase"]
[SourceDate "2004.11.15"]
[SourceVersion "1"]
[SourceVersionDate "2004.11.15"]
[SourceQuality "1"]

1. e4 c5 2. Nf3 Nc6 3. d4 cxd4 4. Nxd4 d6 5. Bb5 Bd7 6. Nc3 e6 7. 0-0 Be7 8. Be3 Nf6 9. Qe2 a6 10. Nxc6 Bxc6 11. Bxc6+ bxc6 12. f4 d5 13. Qf2 Ng4 14. Qf3 Nxe3 15. Rf2 Bc5 16. Na4 Ba7 17. Kh1 Nc4 18. Re2 0-0 19. Rd1 Qc7 20. b3 Nd6 21. e5 Ne4 22. c4 Rfd8 23. b4 Rab8 24. a3 a5 25. Rb2 axb4 26. axb4 Rb7 27. c5 Rdb8 28. Rdb1 Rb5 29. g4 Qb7 30. Qa3 Re8 31. Qb3 Nxc5 32. Nxc5 Bxc5 33. bxc5 Rxb3 34. Rxb3 Qa7 35. Rb7 Qxc5 36. Rb8 Rxb8 37. Rxb8+ Qf8 38. Rxf8+ Kxf8 39. Kg2 Ke7 40. Kf3 c5 41. Ke3 c4 42. h4 Kd7 43. Kd4 Kc6 44. f5 g6 45. h5 g5 0-1

[Event "Baden-ch U16"]
[Site "Bad Mergentheim"]
[Date "2003.01.03"]
[Round "3"]
[White "Fervers, Lukas"]
[Black "Lohr, Matthias"]
[Result "1-0"]
[WhiteElo "1790"]
[BlackElo "1254"]
[PlyCount "127"]
[EventDate "2003.01.??"]
[EventType "swiss"]
[EventRounds "7"]
[EventCountry "GER"]
[SourceTitle "EXT 2005"]
[Source "ChessBase"]
[SourceDate "2004.11.15"]
[SourceVersion "1"]
[SourceVersionDate "2004.11.15"]
[SourceQuality "1"]

1. f4 d5 2. e3 Nf6 3. Nf3 Bg4 4. Be2 Nc6 5. 0-0 e6 6. d3 Be7 7. b3 Qd6 8. Bb2 0-0 9. Nbd2 Nd7 10. a4 e5 11. Nxe5 Bxe2 12. Qxe2 Ncxe5 13. fxe5 Nxe5 14. Nf3 Bf6 15. Nxe5 Bxe5 16. Bxe5 Qxe5 17. Rae1 Rae8 18. Qf2 Re6 19. e4 Rh6 20. g3 b6 21. d4 Qe6 22. e5 Qe7 23. Re3 c5 24. c3 cxd4 25. cxd4 Rc6 26. Qf3 Qe6 27. g4 Rc2 28. Re2 Rxe2 29. Qxe2 Rc8 30. Qf3 Rc2 31. Qf5 Rc3 32. Qg5 Rc8 33. Rf3 h6 34. Qf5 Rc7 35. h4 Rc6 36. Qxe6 fxe6 37. Kg2 Rc2+ 38. Kg3 Rd2 39. g5 hxg5 40. hxg5 Rxd4 41. g6 Re4 42. Rc3 Kf8 43. Rc8+ Ke7 44. Rc7+ Kf8 45. Rf7+ Kg8 46. Rxa7 Kf8 47. Rf7+ Kg8 48. Rb7 Kf8 49. Rxb6 Rxe5 50. a5 d4 51. a6 Ra5 52. Rxe6 d3 53. Kf2 Ra3 54. Rb6 Ke7 55. Ke3 d2 56. Kxd2 Ra2+ 57. Kc3 Ra3 58. Rb7+ Kf6 59. Rb6+ Kg5 60. Rc6 Kh5 61. Kb4 Ra1 62. Kb5 Ra3 63. b4 Ra1 64. Kb6 1-0

[Event "DSSM WK2"]
[Site "Husum"]
[Date "2002.05.12"]
[Round "6.1"]
[White "Lohr, Matthias"]
[Black "Woelfer, Wiebke"]
[Result "1-0"]
[WhiteElo "1766"]
[BlackElo "1686"]
[PlyCount "63"]
[EventDate "2002.05.10"]
[EventType "team-tourn"]
[EventRounds "7"]
[EventCountry "GER"]
[SourceTitle "CBM 088 Extra"]
[Source "ChessBase"]
[SourceDate "2002.07.01"]
[SourceVersion "2"]
[SourceVersionDate "2002.07.01"]
[SourceQuality "1"]

1. Nf3 d5 2. d4 c6 3. e3 g6 4. b3 Bg7 5. Bb2 Nf6 6. Nbd2 Nbd7 7. Bd3 Qc7 8. c4 Nb6 9. h3 0-0 10. Rc1 dxc4 11. bxc4 c5 12. d5 Nfd7 13. Bxg7 Kxg7 14. Qc2 Ne5 15. Nxe5 Qxe5 16. 0-0 e6 17. e4 Nd7 18. f4 Qd4+ 19. Kh2 exd5 20. cxd5 b6 21. Nf3 Qf6 22. Qd2 Qd6 23. Bc4 f6 24. Rce1 Re8 25. e5 fxe5 26. fxe5 Qb8 27. d6 Nf8 28. Bd5 Bb7 29. Ng5 Bxd5 30. Qxd5 Qd8 31. Rxf8 Qxg5 32. Qf7+ 1-0

[Event "SJRP-ch U16"]
[Site "Germany"]
[Date "2002.04.04"]
[Round "4"]
[White "Lohr, Matthias"]
[Black "Wayand, Stefan"]
[Result "1-0"]
[WhiteElo "1781"]
[BlackElo "1609"]
[PlyCount "87"]
[EventDate "2002.04.02"]
[EventType "swiss"]
[EventRounds "7"]
[EventCountry "GER"]
[SourceTitle "EXT 2003"]
[Source "ChessBase"]
[SourceDate "2002.11.25"]
[SourceVersion "1"]
[SourceVersionDate "2002.11.25"]
[SourceQuality "1"]

1. Nf3 c6 2. d4 d5 3. e3 Bg4 4. Be2 Nf6 5. 0-0 g6 6. Nbd2 Bg7 7. b3 0-0 8. Bb2 Nbd7 9. h3 Bxf3 10. Nxf3 Ne4 11. c4 e6 12. Rc1 Rc8 13. Qc2 Nb6 14. Rfd1 f5 15. Ne5 Rc7 16. Bd3 Nd7 17. Bxe4 fxe4 18. f4 Nxe5 19. dxe5 Rff7 20. Qxe4 Qh4 21. cxd5 cxd5 22. Qa4 Bf8 23. Qxa7 g5 24. Qb6 Rxc1 25. Bxc1 Qh6 26. Rf1 Qg6 27. Bd2 gxf4 28. Rxf4 Rxf4 29. exf4 Kf7 30. Qxb7+ Ke8 31. Qc8+ Kf7 32. Qd7+ Kg8 33. Kh2 Qf5 34. a4 h5 35. a5 h4 36. Qd8 Qc2 37. Qg5+ Bg7 38. Bb4 Qxb3 39. Be7 Kf7 40. Bf6 Bh6 41. Qh5+ Kg8 42. Qe8+ Kh7 43. Qf7+ Bg7 44. Qxg7# 1-0

[Event "SJRP-ch U16"]
[Site "Germany"]
[Date "2002.04.04"]
[Round "5"]
[White "Sattel, Dominique"]
[Black "Lohr, Matthias"]
[Result "1-0"]
[WhiteElo "1746"]
[BlackElo "1781"]
[PlyCount "97"]
[EventDate "2002.04.02"]
[EventType "swiss"]
[EventRounds "7"]
[EventCountry "GER"]
[SourceTitle "EXT 2003"]
[Source "ChessBase"]
[SourceDate "2002.11.25"]
[SourceVersion "1"]
[SourceVersionDate "2002.11.25"]
[SourceQuality "1"]

1. Nc3 c5 2. e4 e6 3. f4 d5 4. exd5 Nf6 5. Bb5+ Nbd7 6. dxe6 fxe6 7. Qe2 Qe7 8. Nf3 a6 9. Bxd7+ Qxd7 10. d3 Be7 11. 0-0 0-0 12. Re1 Nd5 13. Nxd5 Qxd5 14. Kh1 Bf6 15. Qe4 Bd7 16. Ne5 Be8 17. Bd2 Bh4 18. g3 Bf6 19. Kg1 Rd8 20. Ba5 Rc8 21. Bc3 b5 22. Ng4 Bxc3 23. bxc3 Qf5 24. Ne5 g5 25. Qxf5 Rxf5 26. fxg5 Rxg5 27. Re3 Bc6 28. Nxc6 Rxc6 29. Rf1 Rg4 30. Rf4 Rxf4 31. gxf4 Kf7 32. Kf2 Kf6 33. Kf3 b4 34. c4 a5 35. Re5 h6 36. Ke4 a4 37. f5 exf5+ 38. Rxf5+ Ke6 39. Rh5 Kd7 40. d4 cxd4 41. Kxd4 Rb6 42. Rb5 Rg6 43. Rxb4 Rg2 44. Rxa4 Rxc2 45. h3 Rd2+ 46. Kc5 Rd3 47. Ra7+ Kc8 48. Kc6 Kb8 49. Rb7+ 1-0